| 000 | 02116cam a2200613 i 4500 | ||
|---|---|---|---|
| 001 | 2094 | ||
| 003 | FISKH | ||
| 005 | 20231106122912.0 | ||
| 008 | 180212t20162015nyua j 000 1 eng d | ||
| 010 | _a 2017486576 | ||
| 020 |
_a9781407156651 _q(pbk.) |
||
| 020 |
_a1407156659 _q(pbk.) |
||
| 020 | _a9780545928922 | ||
| 020 | _a0545928923 | ||
| 035 | _a(OCoLC)ocn958016434 | ||
| 040 |
_aIEU _beng _cIEU _erda _dOCLCO _dOCLCF _dOCLCO _dTDS _dDLC |
||
| 042 | _alccopycat | ||
| 050 | 0 | 0 |
_aPZ7.1.C634 _bLo 2016 |
| 082 | _a823.92 | ||
| 100 | 1 | _aCoe, Catherine, | |
| 245 | 1 | 0 |
_aLost and found / _cCatherine Coe. |
| 264 | 1 |
_aNew York : _bScholastic, _c2015. |
|
| 300 |
_a83 pages : _billustrations ; _c20 cm. |
||
| 490 | 1 |
_aThe owls of Blossom Wood ; _vBook 3 |
|
| 505 | _aT | ||
| 520 | _aAlex, Katie, and Eva can't wait for Blossom Wood's springtime celebration. The three best friends are helping the animals prepare when disaster strikes. Flo, the youngest deer, has gone missing, and no one knows where she is! | ||
| 521 | 2 |
_a810
_bLexile NC |
|
| 521 | 0 |
_aT
_bRaz-Plus |
|
| 650 | 0 |
_aAnimals _vJuvenile fiction. |
|
| 650 | 0 |
_aSpring _vJuvenile fiction. |
|
| 650 | 0 |
_aOwls _vJuvenile fiction. |
|
| 650 | 1 |
_aGirls _vFiction. |
|
| 650 | 1 |
_aFriendship _vFiction. |
|
| 650 | 1 |
_aAnimals _vFiction. |
|
| 650 | 1 |
_aOwls _vFiction. |
|
| 650 | 1 |
_aDeer _vFiction. |
|
| 650 | 1 |
_aSquirrels _vFiction. |
|
| 650 | 1 |
_aBadgers _vFiction. |
|
| 650 | 1 |
_aHuman-animal relationships _vFiction. |
|
| 650 | 1 |
_aForests and forestry _vFiction. |
|
| 650 | 1 |
_aSpring _vFiction. |
|
| 650 | 1 |
_aMagic _vFiction. |
|
| 650 | 1 |
_aImagination _vFiction. |
|
| 650 | 7 |
_aAnimals. _2fast _0(OCoLC)fst00809468 |
|
| 650 | 7 |
_aOwls. _2fast _0(OCoLC)fst01049507 |
|
| 650 | 7 |
_aSpring. _2fast _0(OCoLC)fst01130905 |
|
| 655 | 0 | _aChildren's stories. | |
| 655 | 7 |
_aFantasy fiction. _2fast _0(OCoLC)fst01726607 |
|
| 655 | 7 |
_aFiction. _2fast _0(OCoLC)fst01423787 |
|
| 655 | 7 |
_aJuvenile works. _2fast _0(OCoLC)fst01411637 |
|
| 655 | 7 |
_aFantasy fiction. _2lcgft |
|
| 906 |
_a7 _bcbc _ccopycat _d2 _encip _f20 _gy-gencatlg |
||
| 942 |
_2ddc _cBK _n0 |
||
| 999 |
_c2094 _d2094 |
||